000 00770nam a2200277Ia 4500
003 OSt
005 20220912150805.0
006 a|||||r|||| 00| 0
007 ta
008 220909b |||||||| |||| 00| 0 eng d
024 _a60782
037 _cTextual
040 _aCSL
_beng
_cCSL
041 _aeng
082 _aB, K42
100 _aOhmer Merlin M
245 0 _aElementary contemporary mathematics
260 _aNew York
_b Blaisdell
_c1964
300 _axii, 380p.
_ccm.
490 _aBlaisdell book in pure and applied sciences
650 _aMathematics
700 _a Aucoin Clayton V
700 _a Cortez Marian J
942 _hB, K42
_cTEXL
_2CC
999 _c55066
_d55066